Economic Diversification in Oil-Exporting Arab Countries.

countries face similar challenges to create jobs and foster more inclusive growth. The current environment of likely durable low oil prices has exacerbated these challenges. The non-oil private sector remains relatively small and, consequently, has been only a limited source of growth and employment...

Cijeli opis

Bibliografski detalji
Autor kompanije: International Monetary Fund
Format: Žurnal
Jezik:English
Izdano: Washington, D.C. : International Monetary Fund, 2016.
Serija:Policy Papers; Policy Paper ; No. 2016/028
Teme:
Online pristup:Full text available on IMF
LEADER 01836cas a2200253 a 4500
001 AALejournalIMF020600
008 230101c9999 xx r poo 0 0eng d
020 |c 5.00 USD 
020 |z 9781498345699 
022 |a 2663-3493 
040 |a BD-DhAAL  |c BD-DhAAL 
110 2 |a International Monetary Fund. 
245 1 0 |a Economic Diversification in Oil-Exporting Arab Countries. 
264 1 |a Washington, D.C. :  |b International Monetary Fund,  |c 2016. 
300 |a 1 online resource (40 pages) 
490 1 |a Policy Papers 
500 |a <strong>Off-Campus Access:</strong> No User ID or Password Required 
500 |a <strong>On-Campus Access:</strong> No User ID or Password Required 
506 |a Electronic access restricted to authorized BRAC University faculty, staff and students 
520 3 |a countries face similar challenges to create jobs and foster more inclusive growth. The current environment of likely durable low oil prices has exacerbated these challenges. The non-oil private sector remains relatively small and, consequently, has been only a limited source of growth and employment. Because oil is an exhaustible resource, new sectors need to be developed so they can take over as the oil and gas industry dwindles. Over-reliance on oil also exacerbates macroeconomic volatility. Greater economic diversification would unlock job-creating growth, increase resilience to oil price volatility and improve prospects for future generations. Macro-economic stability and supportive regulatory and institutional frameworks are key prerequisites for economic diversification... 
538 |a Mode of access: Internet 
651 7 |a Algeria  |2 imf 
830 0 |a Policy Papers; Policy Paper ;  |v No. 2016/028 
856 4 0 |z Full text available on IMF  |u http://elibrary.imf.org/view/journals/007/2016/028/007.2016.issue-028-en.xml  |z IMF e-Library